Hậu quả của việc chiến thắng chủ nghĩa phát xít Hitler, chủ nghĩa quân phiệt Nhật Bản và chiều hướng phát triển của những mâu thuẫn đế quốc /

Uloženo v:
Podrobná bibliografie
Hlavní autor: Hà Kim Hoàng.
Médium: Článek
Jazyk:Vietnamese
Témata:
Tagy: Přidat tag
Žádné tagy, Buďte první, kdo otaguje tento záznam!
Thư viện lưu trữ: Thư viện Trường Đại học Đà Lạt
LEADER 00869nam a2200253 4500
001 DLU090099345
005 ##20091202
040 # # |a DLU  |b vie 
041 # # |a vie 
044 # # |a vn 
100 # # |a Hà Kim Hoàng. 
245 # # |a Hậu quả của việc chiến thắng chủ nghĩa phát xít Hitler, chủ nghĩa quân phiệt Nhật Bản và chiều hướng phát triển của những mâu thuẫn đế quốc /  |c Hà Kim Hoàng. 
653 # # |a Chủ nghĩa phát xít 
653 # # |a Chủ nghĩa quân phiệt 
773 # # |t Thông tin Khoa học Xã hội  |g Số 4, 1985, tr. 48-61 
920 # # |a Phòng Tạp chí -- Trung tâm Thông tin - Thư viện Trường Đại học Đà Lạt 
994 # # |a DLU 
900 # # |a True 
911 # # |a Đào Thị Thu Huyền 
925 # # |a G 
926 # # |a A 
927 # # |a BB 
980 # # |a Thư viện Trường Đại học Đà Lạt